[Event "Copenhagen Challenge"]
[Site "Ballerup"]
[Date "2017.05.14"]
[Round "8"]
[White "Lokander, Martin"]
[Black "Itkin, David"]
[Result "1-0"]
[WhiteElo "2333"]
[BlackElo "2118"]
[PlyCount "69"]
[EventDate "2017.05.10"]
[EventType "swiss"]
[EventRounds "9"]
[EventCountry "DEN"]
[SourceTitle "CBM 178 Extra"]
[Source "ChessBase"]
[SourceDate "2017.06.22"]
[SourceVersion "1"]
[SourceVersionDate "2017.06.22"]
[SourceQuality "1"]

1. c4 g6 2. Nc3 Bg7 3. d4 Nf6 4. e4 d6 5. Nf3 0-0 6. Be2 e5 7. d5 Nbd7 8. Be3 Nc5 9. Nd2 a5 10. g4 c6 11. h4 Ne8 12. h5 h6 13. Nf1 f5 14. dxc6 Nf6 15. exf5 gxf5 16. gxf5 bxc6 17. Ng3 Nh7 18. Qd2 Qf6 19. 0-0-0 Bxf5 20. Qxd6 Ne6 21. Nxf5 Qxf5 22. Bd3 Qf6 23. Ne4 Qf7 24. Rhg1 Rfd8 25. Qxe5 Nhg5 26. Nxg5 Nxg5 27. Qf5 Qb7 28. Rd2 Rf8 29. Qg4 Nf3 30. Qg6 Rf7 31. Qh7+ Kf8 32. Bc5+ Ke8 33. Qg8+ Bf8 34. Bg6 Nxd2 35. Qxf8+ 1-0

[Event "Copenhagen Challenge"]
[Site "Ballerup"]
[Date "2017.05.12"]
[Round "4"]
[White "Itkin, David"]
[Black "Brinck Claussen, Bjorn"]
[Result "1-0"]
[WhiteElo "2118"]
[BlackElo "2227"]
[PlyCount "35"]
[EventDate "2017.05.10"]
[EventType "swiss"]
[EventRounds "9"]
[EventCountry "DEN"]
[SourceTitle "CBM 178 Extra"]
[Source "ChessBase"]
[SourceDate "2017.06.22"]
[SourceVersion "1"]
[SourceVersionDate "2017.06.22"]
[SourceQuality "1"]

1. e4 e6 2. d4 d5 3. Nc3 Nf6 4. Bg5 Be7 5. e5 Nfd7 6. h4 c5 7. Bxe7 Kxe7 8. f4 cxd4 9. Qxd4 Nc6 10. Qd2 Nc5 11. 0-0-0 Qa5 12. Nf3 Rd8 13. f5 exf5 14. Nxd5+ Rxd5 15. Qxd5 Be6 16. Qd6+ Ke8 17. Nd4 Nxe5 18. Bb5+ 1-0

[Event "Copenhagen Challenge"]
[Site "Ballerup"]
[Date "2017.05.11"]
[Round "3"]
[White "Itkin, David"]
[Black "Tandrup, Michael"]
[Result "1-0"]
[WhiteElo "2118"]
[BlackElo "1906"]
[PlyCount "51"]
[EventDate "2017.05.10"]
[EventType "swiss"]
[EventRounds "9"]
[EventCountry "DEN"]
[SourceTitle "CBM 178 Extra"]
[Source "ChessBase"]
[SourceDate "2017.06.22"]
[SourceVersion "1"]
[SourceVersionDate "2017.06.22"]
[SourceQuality "1"]

1. e4 d5 2. exd5 Qxd5 3. Nf3 Bg4 4. Be2 Nf6 5. 0-0 c6 6. d4 e6 7. c4 Qd8 8. Nc3 Be7 9. Be3 Nbd7 10. h3 Bh5 11. d5 exd5 12. cxd5 cxd5 13. Nxd5 0-0 14. Re1 Bg6 15. Rc1 Nxd5 16. Qxd5 Nf6 17. Qxb7 Rb8 18. Qxa7 Ra8 19. Qd4 Rxa2 20. Bc4 Ra8 21. Ne5 Qxd4 22. Bxd4 Bb4 23. Red1 Be4 24. Nxf7 Rxf7 25. Bxf6 gxf6 26. Bxf7+ 1-0